| 000 | 00955cam a22002653a 4500 | ||
|---|---|---|---|
| 001 | 20667 | ||
| 003 | PGUSA | ||
| 005 | 20140828083436.0 | ||
| 008 | 070225s2007||||xxu|||||s|||||000 | eng d | ||
| 040 |
_aPGUSA _beng |
||
| 042 | _adc | ||
| 050 | 4 | _aF786 | |
| 100 | 1 |
_aDellenbaugh, Frederick Samuel, _d1853-1935 |
|
| 245 | 1 | 2 |
_aA Canyon Voyage : _bThe Narrative of the Second Powell Expedition down the Green-Colorado River from Wyoming, and the Explorations on Land, in the Years 1871 and 1872 _h[electronic resource] / _cFrederick Samuel Dellenbaugh |
| 260 |
_bProject Gutenberg, _c2007 |
||
| 506 | _aPublic domain in the USA. | ||
| 516 | _aElectronic text | ||
| 653 | _aGrand Canyon (Ariz.) | ||
| 653 | _aPowell, John Wesley, 1834-1902 | ||
| 653 | _aColorado River (Colo.-Mexico) | ||
| 653 | _aUnited States -- Discovery and exploration | ||
| 830 | 0 |
_aProject Gutenberg _v20667 |
|
| 856 | 4 | 0 | _uhttp://www.gutenberg.org/ebooks/20667 |
| 942 | _cEB | ||
| 999 |
_c249922 _d249922 |
||